The mystery of the bad luck curse / (Registro nro. 9223)

Detalles MARC
000 -LIDER
fixed length control field 00623nam a22002417a 4500
001 - NÚMERO DE CONTROL
Identificador de número de control 0170
003 - IDENTIFICACDOR DE NÚMERO DE CONTROL
control field DO-SdBNP
005 - DATE AND TIME OF LATEST TRANSACTION
control field 20160314140750.0
007 - CAMPOS FIJOS DE DESCRIPCIÓN FÍSICA
fixed length control field 0170
008 - ELEMENTOS DE LONGITUD FIJA
fixed length control field 151005b 200 2001 xxu 00| 0 spa d
020 ## - ISBN
International Standard Book Number 043921727X
040 ## - FUENTE DE CATALOGACIÓN
Agencia que crea de manera original el registro BPMSU
Idioma de catalogación spa
Agencia que realiza la transcripción BPMSU
092 ## - LOCALLY ASSIGNED DEWEY DECIMAL CALL NUMBER
Número de clasificación XXXX
Número de ítem (Cutter) XXXX
100 1# - ASIENTO PRINCIPAL -- NOMBRE PERSONAL
Nombre personal Williams, Laura E.
245 14 - MENCIÓN DE TITULO
Título The mystery of the bad luck curse /
Mención de responsabilidad Laura E. Williams
260 ## - PUBLICACIÓN, DISTRIBUCIÓN, ETC. (PIE DE IMPRENTA)
Lugar de publicación, distribución, etc New York :
Nombre del editor, distribuidor, etc. Scholastic,
Fecha de publicación, distribución, etc 2001.
300 ## - DESCRIPCIÓN FÍSICA
Extensión 113 p :
Otros detalles físicos il.
Dimensiones 20cm.
490 1# - MENCIÓN DE SERIES
Mención de serie Mystic lighhouse mysteries
830 #0 - ASIENTO SECUNDARIO DE SERIE--TÍTULO UNIFORME
Título uniforme Mystic lighhouse mysteries
910 ## - VALIDACIÓN
Validación 144
942 ## - ADDED ENTRY ELEMENTS (KOHA)
Source of classification or shelving scheme Dewey Decimal Classification
Koha item type Libros
956 ## - LOCAL ELECTRONIC LOCATION AND ACCESS (OCLC)
Nombre de host Yngrid Lockward
Existencias
Withdrawn status Lost status Source of classification or shelving scheme Damaged status Not for loan Collection code Home library Current library Date acquired Source of acquisition Total Checkouts Barcode Date last seen Price effective from Koha item type
    Dewey Decimal Classification       Biblioteca Pública Metropolitana Salomé Ureña Biblioteca Pública Metropolitana Salomé Ureña 03/14/2016 Donación   BPMET16030095 03/14/2016 03/14/2016 Libros